Front-Words to Back-Words II Quiz Stats

 Plays Quiz Updated May 7, 2016

Challenge
Share
Tweet
Score 0/20 Timer 04:00
1 Play Today
% Correct
Alc
97.6%
Vic
94.7%
Har
94.5%
Cosm
93.6%
Quiz
93.3%
Clas
93%
Tru
92.8%
Li
92.2%
Mun
92.2%
Ala
92%
% Correct
Pri
91.8%
Buc
91.8%
Squ
91.7%
Mili
91.6%
Ter
90.9%
Proh
89.7%
Con
89.3%
Mil
84.6%
Mani
84%
Tro
78.1%

You're not logged in!

Compare scores with friends on all Sporcle quizzes.
Join for Free
OR
Log In

You Might Also Like...

Show Comments

Extras

Top Quizzes Today


Score Distribution

Your Account Isn't Verified!

In order to create a playlist on Sporcle, you need to verify the email address you used during registration. Go to your Sporcle Settings to finish the process.

Report this User

Report this user for behavior that violates our Community Guidelines.

Details: